000 00805nam a2200229Ii 4500
003 JO-AjNU
008 230605s9999||||xx |||||||||||||| ||und||
017 _a2004/12/2833
020 _a9957-16-067-2
040 _aJO-AjNU
_bara
_erda
_cJO-AjNU
041 _aara
050 1 4 _aK1530.S62 2005
100 3 _aالصمادي، عيسى لافي حسن ,
_eauthor
_957801
245 0 0 _aعقد نقل التكنولوجيا الالكتروني عبر الانترنت
250 _aط1
264 3 1 _aعمان: دار الثقافة، 2005
300 _a202ص
336 _atext
_btxt
_2rdacontent
337 _aunmediated
_bn
_2rdamedia
338 _avolume
_bnc
_2rdacarrier
650 4 _aشبكات الاتصال-الحواسيب الانترنت-العقود -القانون التجاري
_957802
999 _aA25923
_c29491
_d29491